000
00190 a2200097 4500
020
_a
9786071662002
041
_a
spa
100
_a
Kipling, Rudyard
245
_a
Rikki-Tikki-Tavi
942
_c
BK
999
_c
29809
_d
29807